| 000 | 00754nam a2200121Ia 4500 | ||
|---|---|---|---|
| 008 | 220615s9999||||xx |||||||||||||| ||und|| | ||
| 100 | _aSchmidt-Kleinert, Anja | ||
| 245 | 0 |
_aInclusion through Exclusion _bHow Young Immigrant Israelis in the Nationalist Yisra'el Beitenu Party Read Israeli Citizenship |
|
| 546 | _aEnglish[eng] | ||
| 650 | _aPolitical Science||Civic Engagement||Citizenship||Israel||Extreme Right||Politics||Judaism||Migration||Political Parties||Jewish Studies||Political Sociology||Political Science | ||
| 856 | _uhttps://library.oapen.org/bitstream/20.500.12657/26023/1/1004062.pdf||https://library.oapen.org/bitstream/20.500.12657/26023/1/1004062.pdf||https://library.oapen.org/bitstream/20.500.12657/26023/1/1004062.pdf | ||
| 942 | _cEB | ||
| 999 |
_c10939 _d10939 |
||